Antología de lecturas amenas (Registro nro. 13840)

000 -CABECERA
campo de control de longitud fija 03208nam a2200733 i 4500
003 - IDENTIFICADOR DEL NÚMERO DE CONTROL
campo de control OSt
005 - FECHA Y HORA DE LA ÚLTIMA TRANSACCIÓN
campo de control 20210921130731.0
007 - CAMPO FIJO DE DESCRIPCIÓN FÍSICA--INFORMACIÓN GENERAL
campo de control de longitud fija ta
008 - DATOS DE LONGITUD FIJA--INFORMACIÓN GENERAL
campo de control de longitud fija 210819r19972018ck a br 000 jdspa d
020 ## - NÚMERO INTERNACIONAL ESTÁNDAR DEL LIBRO
Número Internacional Estándar del Libro 9789583003417
040 ## - FUENTE DE LA CATALOGACIÓN
Centro catalogador/agencia de origen CO-BoRNBP
Lengua de catalogación spa
Centro/agencia transcriptor CO-BqBPB
Normas de descripción rda
041 0# - CÓDIGO DE LENGUA
Código de lengua del texto/banda sonora o título independiente spa
082 ## - NÚMERO DE LA CLASIFICACIÓN DECIMAL DEWEY
Número de clasificación AC
Número de documento/Ítem JARa
100 ## - ENTRADA PRINCIPAL--NOMBRE DE PERSONA
Código de función/relación Jaramillo, Darío
245 00 - MENCIÓN DE TÍTULO
Título Antología de lecturas amenas
Mención de responsabilidad, etc. compilado por Darío Jaramillo Agudelo ; ilustraciones de Nancy Granada y Henry González
250 ## - MENCIÓN DE EDICIÓN
Mención de edición Primera edición
Resto de la mención de edición Decimosegunda reimpresión
264 #1 - PRODUCCIÓN, PUBLICACIÓN, DISTRIBUCIÓN, FABRICACIÓN Y COPYRIGHT
Producción, publicación, distribución, fabricación y copyright Bogotá
Nombre del de productor, editor, distribuidor, fabricante Panamericana Editorial
Fecha de producción, publicación, distribución, fabricación o copyright 1997
-- 2014
-- 2018
300 ## - DESCRIPCIÓN FÍSICA
Extensión 218 páginas
Otras características físicas ilustraciones
Dimensiones 23 cm
336 ## - TIPO DE CONTENIDO
Término de tipo de contenido texto
Código de tipo de contenido txt
Fuente rdacontent
337 ## - TIPO DE MEDIO
Nombre/término del tipo de medio sin mediación
Código del tipo de medio n
Fuente rdamedia
338 ## - TIPO DE SOPORTE
Nombre/término del tipo de soporte volumen
Código del tipo de soporte nc
Fuente rdacarrier
490 0# - MENCIÓN DE SERIE
Mención de serie Literatura Juvenil
521 ## - NOTA DE PÚBLICO DESTINATARIO
Nota de público destinatario Recomendado para un público infantil mayor de 9 años
545 ## - DATOS BIOGRÁFICOS O HISTÓRICOS
Datos biográficos o históricos Incluye datos biográficos del compilador en la solapa
650 17 - PUNTO DE ACCESO ADICIONAL DE MATERIA--TÉRMINO DE MATERIA
Término de materia o nombre geográfico como elemento de entrada Cuentos infantiles colombianos
Subdivisión de forma Colecciones
Subdivisión cronológica Siglo XIX-XX
Fuente del encabezamiento o término LEMB
9 (RLIN) 182456
650 17 - PUNTO DE ACCESO ADICIONAL DE MATERIA--TÉRMINO DE MATERIA
Término de materia o nombre geográfico como elemento de entrada Literatura colombiana
Subdivisión de forma Colecciones
Subdivisión cronológica Siglo XIX-XX
Fuente del encabezamiento o término LEMB
9 (RLIN) 182457
650 17 - PUNTO DE ACCESO ADICIONAL DE MATERIA--TÉRMINO DE MATERIA
Término de materia o nombre geográfico como elemento de entrada Autores colombianos
Subdivisión de forma Colecciones
Subdivisión cronológica Siglo XIX-XX
Fuente del encabezamiento o término LEMB
9 (RLIN) 182458
650 17 - PUNTO DE ACCESO ADICIONAL DE MATERIA--TÉRMINO DE MATERIA
Término de materia o nombre geográfico como elemento de entrada Historia de aventuras
Subdivisión de forma Cuentos
Fuente del encabezamiento o término LEMB
9 (RLIN) 182486
650 17 - PUNTO DE ACCESO ADICIONAL DE MATERIA--TÉRMINO DE MATERIA
Término de materia o nombre geográfico como elemento de entrada Adolescentes
Subdivisión de forma Cuentos
Fuente del encabezamiento o término LEMB
9 (RLIN) 182487
650 17 - PUNTO DE ACCESO ADICIONAL DE MATERIA--TÉRMINO DE MATERIA
Término de materia o nombre geográfico como elemento de entrada Emociones
Subdivisión de forma Cuentos
Fuente del encabezamiento o término LEMB
9 (RLIN) 102340
650 17 - PUNTO DE ACCESO ADICIONAL DE MATERIA--TÉRMINO DE MATERIA
Término de materia o nombre geográfico como elemento de entrada Insectos
Subdivisión de forma Cuentos
Fuente del encabezamiento o término LEMB
9 (RLIN) 156153
700 1# - PUNTO DE ACCESO ADICIONAL--NOMBRE DE PERSONA
Nombre de persona Granada, Nancy
Término indicativo de función/relación ilustradora
9 (RLIN) 182488
700 1# - PUNTO DE ACCESO ADICIONAL--NOMBRE DE PERSONA
Nombre de persona González , Henry
Fechas asociadas al nombre ilustrador
9 (RLIN) 182462
700 1# - PUNTO DE ACCESO ADICIONAL--NOMBRE DE PERSONA
Nombre de persona Jaramillo Agudelo, Darío
Fechas asociadas al nombre 1947-
Término indicativo de función/relación autor
9 (RLIN) 3283
700 1# - PUNTO DE ACCESO ADICIONAL--NOMBRE DE PERSONA
Nombre de persona García Márquez, Gabriel
Fechas asociadas al nombre 1928-
Término indicativo de función/relación autor
9 (RLIN) 182489
700 1# - PUNTO DE ACCESO ADICIONAL--NOMBRE DE PERSONA
Nombre de persona Rojas Herazo, Héctor
Fechas asociadas al nombre 1921-2002
Término indicativo de función/relación autor
9 (RLIN) 182490
700 1# - PUNTO DE ACCESO ADICIONAL--NOMBRE DE PERSONA
Nombre de persona Samper Pizano, Daniel
Fechas asociadas al nombre 1945-
Término indicativo de función/relación autor
9 (RLIN) 3980
700 1# - PUNTO DE ACCESO ADICIONAL--NOMBRE DE PERSONA
Nombre de persona Mattos Omar, Joaquín
Término indicativo de función/relación autor
9 (RLIN) 98726
700 1# - PUNTO DE ACCESO ADICIONAL--NOMBRE DE PERSONA
Nombre de persona Mejía Vallejo, Manuel
Fechas asociadas al nombre 1923-1998
Término indicativo de función/relación autor
9 (RLIN) 182491
700 1# - PUNTO DE ACCESO ADICIONAL--NOMBRE DE PERSONA
Nombre de persona Fayad, Luis
Fechas asociadas al nombre 1945-
Término indicativo de función/relación autor
9 (RLIN) 182492
700 1# - PUNTO DE ACCESO ADICIONAL--NOMBRE DE PERSONA
Nombre de persona Ospina de Navarro, Sofía
Fechas asociadas al nombre 1892-1950
Término indicativo de función/relación autora
9 (RLIN) 182493
700 1# - PUNTO DE ACCESO ADICIONAL--NOMBRE DE PERSONA
Nombre de persona Castro Caycedo, Germán
Fechas asociadas al nombre 1940-2021
Término indicativo de función/relación autor
9 (RLIN) 182494
700 1# - PUNTO DE ACCESO ADICIONAL--NOMBRE DE PERSONA
Nombre de persona Gaviria, Víctor
Fechas asociadas al nombre 1955-
Término indicativo de función/relación autor
9 (RLIN) 182495
700 1# - PUNTO DE ACCESO ADICIONAL--NOMBRE DE PERSONA
Nombre de persona Solorzano, Luis Fernando
Término indicativo de función/relación autor
9 (RLIN) 182496
700 1# - PUNTO DE ACCESO ADICIONAL--NOMBRE DE PERSONA
Nombre de persona Vidales, Luis
Fechas asociadas al nombre 1904-1990
Término indicativo de función/relación autor
9 (RLIN) 182497
700 1# - PUNTO DE ACCESO ADICIONAL--NOMBRE DE PERSONA
Nombre de persona Cote Lamus, Eduardo
Fechas asociadas al nombre 1928-1964
Término indicativo de función/relación autor
9 (RLIN) 182498
700 1# - PUNTO DE ACCESO ADICIONAL--NOMBRE DE PERSONA
Nombre de persona Vélez, Luis Fernando
Término indicativo de función/relación autor
9 (RLIN) 182499
700 1# - PUNTO DE ACCESO ADICIONAL--NOMBRE DE PERSONA
Nombre de persona Arango Villegas, Rafael
Término indicativo de función/relación autor
9 (RLIN) 182500
700 1# - PUNTO DE ACCESO ADICIONAL--NOMBRE DE PERSONA
Nombre de persona Caicedo, Andrés
Fechas asociadas al nombre 1951-1977
Término indicativo de función/relación autor
9 (RLIN) 6301
700 1# - PUNTO DE ACCESO ADICIONAL--NOMBRE DE PERSONA
Nombre de persona Cordovez Moure, José María
Fechas asociadas al nombre 1835-1918
Término indicativo de función/relación autor
9 (RLIN) 182501
700 1# - PUNTO DE ACCESO ADICIONAL--NOMBRE DE PERSONA
Nombre de persona Velásquez, Rogerio
Fechas asociadas al nombre 1908-1957
Término indicativo de función/relación autor
9 (RLIN) 182502
700 1# - PUNTO DE ACCESO ADICIONAL--NOMBRE DE PERSONA
Nombre de persona Álvarez Guzmán, Carlos Gustavo
Término indicativo de función/relación autor
9 (RLIN) 182503
700 1# - PUNTO DE ACCESO ADICIONAL--NOMBRE DE PERSONA
Nombre de persona Ortiz, Francisco
Término indicativo de función/relación autor
9 (RLIN) 182504
700 1# - PUNTO DE ACCESO ADICIONAL--NOMBRE DE PERSONA
Nombre de persona Pérez, Santiago
Término indicativo de función/relación autor
9 (RLIN) 182505
700 1# - PUNTO DE ACCESO ADICIONAL--NOMBRE DE PERSONA
Nombre de persona Corral, Jesús del
Término indicativo de función/relación autor
9 (RLIN) 182506
700 1# - PUNTO DE ACCESO ADICIONAL--NOMBRE DE PERSONA
Nombre de persona Vélez, Jaime Alberto
Fechas asociadas al nombre 1950-2003
Término indicativo de función/relación autor
9 (RLIN) 182507
700 1# - PUNTO DE ACCESO ADICIONAL--NOMBRE DE PERSONA
Nombre de persona Prada, Ivonne Janeth
Término indicativo de función/relación autora
9 (RLIN) 182508
700 1# - PUNTO DE ACCESO ADICIONAL--NOMBRE DE PERSONA
Nombre de persona Arango, Gonzalo
Término indicativo de función/relación autor
9 (RLIN) 182509
700 1# - PUNTO DE ACCESO ADICIONAL--NOMBRE DE PERSONA
Nombre de persona Arciniegas, Germán
Fechas asociadas al nombre 1900-1999
Término indicativo de función/relación autor
9 (RLIN) 19953
700 1# - PUNTO DE ACCESO ADICIONAL--NOMBRE DE PERSONA
Nombre de persona Romero, Armando
Fechas asociadas al nombre 1944-
Término indicativo de función/relación autor
9 (RLIN) 20191
700 1# - PUNTO DE ACCESO ADICIONAL--NOMBRE DE PERSONA
Nombre de persona Restrepo, Elkin
Fechas asociadas al nombre 1942-
Término indicativo de función/relación autor
9 (RLIN) 18666
700 1# - PUNTO DE ACCESO ADICIONAL--NOMBRE DE PERSONA
Nombre de persona Mutis, Álvaro
Fechas asociadas al nombre 1923-2013
Término indicativo de función/relación autor
9 (RLIN) 182510
942 ## - ELEMENTOS DE PUNTO DE ACCESO ADICIONAL (KOHA)
Tipo de ítem Koha Libro Literatura
Existencias
Estado de retiro Estado de pérdida Fuente del sistema de clasificación o colocación Estado dañado No para préstamo Código de colección Localización permanente Ubicación/localización actual Fecha de adquisición Fuente de adquisición Total de préstamos Signatura topográfica completa Código de barras Fecha visto por última vez Fecha del último préstamo Número de copia Precio válido a partir de Tipo de ítem Koha Nota pública Renovaciones totales
          Literatura Adulto Biblioteca Pública San Juan Bosco Biblioteca Pública San Juan Bosco 21/09/2021 COMPRA 2 AC JARa MOS501701 13/12/2023 27/11/2023 ej 1 21/09/2021 Libro Literatura Quince dias  
          Literatura Adulto Biblioteca Pública San Juan Bosco Biblioteca Pública San Juan Bosco 21/09/2021 COMPRA 3 AC JARa MOS501702 12/11/2025 27/10/2025 ej 2 21/09/2021 Libro Literatura Quince dias 1

© Todos los derechos reservados para la Biblioteca Pública Municipal San Juan Bosco, 2020
Secretaria de Cultura de Mosquera
Carrera 3 N° 10 Esquina Centro Cultural Barrio El Carmén Teléfono: 8270830 Ext: 34
Funcionando con KOHA
Contacto: Biblioteca Pública Municipal San Juan Bosco/ bibliotecasanjuanbosco@mosquera-cundinamarca.gov.co
Mosquera, Cundinamarca